| 000 | 01273naa a22003137a 4500 | ||
|---|---|---|---|
| 001 | BR8107036 | ||
| 003 | BR-BrBNA | ||
| 005 | 20240918175047.0 | ||
| 007 | ta | ||
| 008 | 230509b bl.||||| |||| 00| 0 por d | ||
| 040 |
_aBR-BrBNA _bpor _cBiblioteca Nacional de Agricultura |
||
| 041 | _a(Pt) | ||
| 072 |
_aF25 _b0180 _b3855 |
||
| 090 | _aF25 BR8107036 | ||
| 100 | 1 | _aFabricio, A.C. | |
| 100 | 1 | _aBarbo, C.V.S. | |
| 111 | 1 |
_a7. Reuniao da Comissao Norte Brasileira de Pesquisa de Trigo _cPonta Grossa, PR (Brazil) _d12-16 Jan 1981 |
|
| 245 | 1 | _aEfeito da adubacao verde sobre as caracteristicas do solo e rendimento de graos da cultura do trigo [Triticum spp] | |
| 260 | 3 |
_aDourados, MS (Brasil): _c1981. |
|
| 500 | _aResultados de pesquisa com trigo obtidos na Unidade de Execucao de Pesquisa de Ambito Estadual de Dourados em 1980 Dourados, MS (Brasil): 1981. p. 111-117 (BR8107036-AM)F25 | ||
| 650 | _aTRIGO | ||
| 650 | _aADUBO VERDE | ||
| 650 | _aADUBACAO | ||
| 650 | _aRENDIMENTO | ||
| 650 | _aGRAO | ||
| 773 | 0 |
_tResultados de pesquisa com trigo obtidos na Unidade de Execucao de Pesquisa de Ambito Estadual de Dourados em 1980 _wF25 BR8107036 _gDourados, MS (Brasil), 1981. p. 111-117 |
|
| 909 |
_a202404 _bLucia _c55 _dLucia Elande |
||
| 942 |
_cAM _2AGRIS |
||
| 999 |
_c314782 _d314782 |
||